000
00339nam a2200145Ia 4500
005
20251222152032.0
008
251222s9999||||xx |||||||||||||| ||spa||
020
_a
8422639793
082
_a
813.52/R85
100
_a
Roth, Henry
245
0
_a
Llámalo Sueño
250
_a
1ra. ed.
264
_b
Círculo de Lectores, S.A.
942
_c
LIB
999
_c
25711
_d
25711